General Microbiology (Record no. 15667)
[ view plain ]
| 000 -LEADER | |
|---|---|
| fixed length control field | 00386nam a22001577a 4500 |
| 003 - CONTROL NUMBER IDENTIFIER | |
| control field | OSt |
| 008 - FIXED-LENGTH DATA ELEMENTS--GENERAL INFORMATION | |
| fixed length control field | 190524b ||||| |||| 00| 0 eng d |
| 020 ## - INTERNATIONAL STANDARD BOOK NUMBER | |
| ISBN | 9788172334208 |
| 082 ## - DEWEY DECIMAL CLASSIFICATION NUMBER | |
| Classification number | 576 |
| Item number | JAM/GE |
| 100 ## - MAIN ENTRY--AUTHOR NAME | |
| Personal name | Jamaluddin. |
| 245 ## - TITLE STATEMENT | |
| Title | General Microbiology |
| 260 ## - PUBLICATION, DISTRIBUTION, ETC. (IMPRINT) | |
| Place of publication | Jodhpur |
| Name of publisher | Scientific Publishers |
| Year of publication | 2019 |
| 300 ## - PHYSICAL DESCRIPTION | |
| Number of Pages | 422 p. |
| 700 ## - ADDED ENTRY--PERSONAL NAME | |
| Personal name | Malviya Naveen. |
| 942 ## - ADDED ENTRY ELEMENTS (KOHA) | |
| Koha item type | Books |
| Withdrawn status | Lost status | Damaged status | Collection code | Home library | Current library | Shelving location | Date acquired | Full call number | Accession Number | Koha item type |
|---|---|---|---|---|---|---|---|---|---|---|
| Non-fiction | KAUAET | KAUAET | General Stacks | 24/05/2019 | 576 JAM/GE | 25960 | Books |
